Все столицы стран и зависимых территорий - Statistics

General Stats
  • This quiz has been taken 88 times
  • The average score is 114 of 228
Answer Stats
Hint Answer % Correct
Австрия Вена
91%
Азербайджан Баку
87%
Армения Ереван
87%
Беларусь Минск
87%
Австралия Канберра
85%
Алжир Алжир
85%
Албания Тирана
83%
Аргентина Буэнос-Айрес
83%
Италия Рим
83%
Бельгия Брюссель
81%
Египет Каир
81%
Люксембург Люксембург
81%
Афганистан Кабул
79%
Бразилия Бразилиа
79%
Германия Берлин
79%
Греция Афины
79%
Испания Мадрид
79%
Канада Оттава
79%
Россия Москва
79%
Болгария София
77%
Ватикан Ватикан
77%
Великобритания Лондон
77%
Дания Копенгаген
77%
Исландия Рейкьявик
77%
Казахстан Астана
77%
Китай Пекин
77%
Латвия Рига
77%
Литва Вильнюс
77%
Украина Киев
77%
Франция Париж
77%
Венгрия Будапешт
74%
Киргизия Бишкек
74%
Нидерланды Амстердам
74%
Норвегия Осло
74%
Румыния Бухарест
74%
Турция Анкара
74%
Эстония Таллин
74%
Грузия Тбилиси
72%
Индия Нью-Дели
72%
Иран Тегеран
72%
Ирландия Дублин
72%
Мексика Мехико
72%
Финляндия Хельсинки
72%
Чехия Прага
72%
Абхазия Сухум
70%
Андорра Андорра-ла-Велья
70%
КНДР Пхеньян
70%
Монако Монако
70%
Польша Варшава
70%
Португалия Лиссабон
70%
Сербия Белград
70%
США Вашингтон
70%
Швейцария Берн
70%
Япония Токио
70%
Израиль Иерусалим
68%
ОАЭ Абу-Даби
68%
Сан-Марино Сан-Марино
68%
Словакия Братислава
68%
Словения Любляна
68%
Узбекистан Ташкент
68%
Бангладеш Дакка
66%
Босния и Герцеговина Сараево
66%
Вьетнам Ханой
66%
Монголия Улан-Батор
66%
Тунис Тунис
66%
Хорватия Загреб
66%
Швеция Стокгольм
66%
Индонезия Джакарта
64%
Молдавия Кишинёв
64%
Сингапур Сингапур
64%
Таджикистан Душанбе
64%
Ирак Багдад
62%
Кения Найроби
62%
Пакистан Исламабад
62%
Северная Македония Скопье
62%
Гватемала Гватемала
60%
Катар Доха
60%
Кипр Никосия
60%
Косово Приштина
60%
Ливия Триполи
60%
Сирия Дамаск
60%
Венесуэла Каракас
57%
Колумбия Богота
57%
Лихтенштейн Вадуц
57%
Новая Зеландия Веллингтон
57%
Перу Лима
57%
Таиланд Бангкок
57%
Чили Сантьяго
57%
Джибути Джибути
55%
Малайзия Куала-Лумпур
55%
Марокко Рабат
55%
Саудовская Аравия Эр-Рияд
55%
Туркменистан Ашхабад
55%
Ангола Луанда
53%
Бахрейн Манама
53%
Боливия Сукре
53%
Иордания Амман
53%
Куба Гавана
53%
Ливан Бейрут
53%
Уругвай Монтевидео
53%
Филиппины Манила
53%
Камбоджа Пномпень
51%
Мадагаскар Антананариву
51%
Панама Панама
51%
Сальвадор Сан-Сальвадор
51%
Черногория Подгорица
51%
Багамы Нассау
49%
Восточный Тимор Дили
49%
Гайана Джорджтаун
49%
Зимбабве Хараре
49%
ДРК Киншаса
49%
Кувейт Эль-Кувейт
49%
Мальта Валлетта
49%
Сомали Могадишо
49%
Белиз Бельмопан
47%
Гана Аккра
47%
Замбия Лусака
47%
Йемен Сана
47%
Непал Катманду
47%
Тайвань Тайбэй
47%
ЮАР Претория
47%
Антигуа и Барбуда Сент-Джонс
45%
Барбадос Бриджтаун
45%
Бенин Порто-Ново
45%
Гаити Порт-о-Пренс
45%
Гвинея-Бисау Бисау
45%
Гондурас Тегусигальпа
45%
Коста-Рика Сан-Хосе
45%
Мальдивы Мале
45%
Никарагуа Манагуа
45%
Оман Маскат
45%
Сенегал Дакар
45%
Эквадор Кито
45%
Эфиопия Аддис-Абеба
45%
Ботсвана Габороне
43%
Бутан Тхимпху
43%
Мьянма Нейпьидо
43%
Нигерия Абуджа
43%
Парагвай Асунсьон
43%
Суринам Парамарибо
43%
Бруней Бандар-Сери-Бегаван
40%
Буркина-Фасо Уагадугу
40%
Вануату Порт-Вила
40%
Габон Либревиль
40%
Гваделупа Бас-Тер
40%
Гвинея Конакри
40%
Республика Конго Браззавиль
40%
Лаос Вьентьян
40%
Ямайка | о. Норфолк Кингстон
40%
Сан-Томе и Принсипи Сан-Томе
40%
Сент-Китс и Невис Бастер
40%
Судан Хартум
40%
Чад Нджамена
40%
Южная Осетия Цхинвал
40%
Бурунди Гитега
38%
Гамбия Банжул
38%
Доминика Розо
38%
Доминиканская Республика Санто-Доминго
38%
Кабо-Верде Прая
38%
Камерун Яунде
38%
Кот-д'Ивуар Ямусукро
38%
Маврикий Порт-Луи
38%
Мали Бамако
38%
Мозамбик Мапуту
38%
Нигер Ниамей
38%
Папуа-Новая Гвинея Порт-Морсби
38%
Руанда Кигали
38%
Сейшелы Виктория
38%
ЦАР Банги
38%
Экваториальная Гвинея Малабо
38%
Гренада Сент-Джорджес
36%
Коморы Морони
36%
Лесото Масеру
36%
Либерия Монровия
36%
Мавритания Нуакшот
36%
Малави Лилонгве
36%
Самоа Апиа
36%
Того Ломе
36%
Тринидад и Тобаго Порт-оф-Спейн
36%
Тувалу Фунафути
36%
Уганда Кампала
36%
Фиджи Сува
36%
Эритрея Асмэра
36%
Эсватини Мбабане
36%
Кирибати Южная Тарава
34%
Намибия Виндхук
34%
Сент-Люсия Кастри
34%
Соломоновы о-ва Хониара
34%
Сьерра-Леоне Фритаун
34%
Танзания Додома
34%
Микронезия Паликир
32%
Уэльс Кардифф
32%
Шри-Ланка Шри-Джаяварденепура-Котте
32%
Южный Судан Джуба
32%
Маршалловы острова Маджуро
30%
Науру Ярен
30%
Палау Нгерулмуд
30%
Палестина Рамалла
30%
Сент-Винсент и Гренадины Кингстаун
30%
Американское Самоа Паго-Паго
28%
Тонга Нукуалофа
28%
Аландские о-ва Мариехамн
26%
Аруба Ораньестад
26%
Ангилья Валли
23%
Бермуды Гамильтон
23%
Западная Сахара Эль-Аюн
23%
Азад Джамму и Кашмир Музаффарабад
21%
Фарерские о-ва Торсхавн
21%
Гернси Сент-Питер-Порт
17%
Кюрасао Виллемстад
15%
Майотта Мамудзу
15%
Сен-Пьер и Микелон Сен-Пьер
15%
Бонайре Кралендейк
13%
Джерси Сент-Хелиер
13%
о. Мэн Дуглас
13%
о. Рождества Флайинг-Фиш-Коув
13%
Мартиника Фор-де-Франс
11%
о-ва Уоллис Футуна Мата-Уту
11%
Реюньон Сен-Дени
11%
Гуам Хагатна
9%
Ниуэ Алофи
9%
о-ва Кука Аваруа
9%
Монтсеррат Плимут, Брейдс
6%
Новая Каледония Нумеа
6%
о-ва Питкэрн Адамстаун
6%
Токелау Атафу
6%
Фолклендские о-ва Стэнли
6%
No matching quizzes found
Score Distribution
Percent of People with Each Score
Percentile by Number Answered
Your Score History
You have not taken this quiz